Diferente al abismo y otros poemas
Zapisane w:
| 1. autor: | |
|---|---|
| Format: | Książka |
| Język: | Undetermined |
| Wydane: |
San José, Costa Rica
Editorial Costa Rica
1989
|
| Hasła przedmiotowe: | |
| Etykiety: |
Dodaj etykietę
Nie ma etykietki, Dołącz pierwszą etykiete!
|
MARC
| LEADER | 00000nam a2200000Ia 4500 | ||
|---|---|---|---|
| 008 | 170316s9999 xx 000 0 und d | ||
| 040 | |a cru BVZT | ||
| 090 | |a 868 CH-3d | ||
| 100 | |a Charpentier, Jorge | ||
| 245 | |a Diferente al abismo y otros poemas | ||
| 260 | |a San José, Costa Rica |b Editorial Costa Rica |c 1989 | ||
| 300 | |a 208 páginas | ||
| 650 | |a LITERATURA COSTARRICENSE | ||
| 942 | |c 15 D | ||
| 999 | |c 10873 |d 10873 | ||
